000 00345nam a2200145Ia 4500
008 230718s9999 xx 000 0 und d
041 _aEng.
082 _a34292
_bAUT-T
100 _aAutin,Ambrain Tariq
245 4 _aThe constitution of islamic
260 _aPakistan
_bPunjab law book
_c2012
300 _a248
650 _aLaw
999 _c28551
_d28551